00457 2200193 4500001002100000005001500021035002000036245003000056100001900086250000600105300001000111856004500121260003900166082000800205084001400213600001000227990001300237990001300250INLIS00000000000160420250424083138 a0010-04250000201 aTeroris /cKrisna Miharja0 aKrisna Miharja a1 bIlust aRuang Baca Umum No Klas 800 ( Rak 3,4,5) aJakarta :bPT. Dian Ariesta,c2002 a813 a813 KRI t 4aFiksi a03.20111 a03.20112